British Birds by Colour - Blue - Statistics

General Stats
  • This quiz has been taken 7 times
  • The average score is 4 of 8
Answer Stats
Picture Hint Answer % Correct
Cyanistes caeruleus Blue Tit
100%
Alcedo atthis Common Kingfisher
100%
Luscinia svecica Bluethroat
67%
Monticola solitarius Blue Rock Thrush
33%
Cecropis rufula European Red-Rumped Swallow
33%
Larvivora cyane Siberian Blue Robin
33%
Tarsiger cyanurus Red-Flanked Bluetail
0%
Tachycineta bicolor Tree Swallow
0%
No matching quizzes found
Score Distribution
Percent of People with Each Score
Percentile by Number Answered
Your Score History
You have not taken this quiz